Fundamentals of Nursing : (Record no. 10849)
[ view plain ]
| 000 -LEADER | |
|---|---|
| fixed length control field | 01065cam a22003014a 4500 |
| 001 - CONTROL NUMBER | |
| control field | 15003092 |
| 005 - DATE AND TIME OF LATEST TRANSACTION | |
| control field | 20201128013524.0 |
| 008 - FIXED-LENGTH DATA ELEMENTS--GENERAL INFORMATION | |
| fixed length control field | 070911s2007 moua b 001 0 eng |
| 010 ## - LIBRARY OF CONGRESS CONTROL NUMBER | |
| LC control number | 2007280292 |
| 020 ## - INTERNATIONAL STANDARD BOOK NUMBER | |
| International Standard Book Number | 9781416034360 |
| 020 ## - INTERNATIONAL STANDARD BOOK NUMBER | |
| International Standard Book Number | 999603769x (CD- Rom) |
| 040 ## - CATALOGING SOURCE | |
| Original cataloging agency | DLC |
| Transcribing agency | DLC |
| Modifying agency | DLC |
| 050 00 - LIBRARY OF CONGRESS CALL NUMBER | |
| Classification number | RT41 |
| Item number | .F86 2004 |
| 082 00 - DEWEY DECIMAL CLASSIFICATION NUMBER | |
| Classification number | 610.73068 |
| Edition number | 22 |
| Item number | HAR |
| 245 00 - TITLE STATEMENT | |
| Title | Fundamentals of Nursing : |
| Remainder of title | Caring and Clinical Judgement / |
| Statement of responsibility, etc | [edited by] Helen Harkreader, Mary Ann Hogan, Marshelle Thobaben. |
| 250 ## - EDITION STATEMENT | |
| Edition statement | 3rd ed. |
| 260 ## - PUBLICATION, DISTRIBUTION, ETC. (IMPRINT) | |
| Place of publication, distribution, etc | St. Louis, Mo. : |
| Name of publisher, distributor, etc | Saunders/Elsevier, |
| Date of publication, distribution, etc | c2007. |
| 300 ## - PHYSICAL DESCRIPTION | |
| Extent | xxx, 1394 p. : |
| Other physical details | ill. (some col.) ; |
| Dimensions | 29 cm. + |
| Accompanying material | 1 CD-ROM (4 3/4 in.) |
| 500 ## - GENERAL NOTE | |
| General note | Includes indexes. |
| 650 #0 - SUBJECT ADDED ENTRY--TOPICAL TERM | |
| Topical term or geographic name as entry element | Nursing |
| General subdivision | Practice. |
| 9 (RLIN) | 8262 |
| 650 #0 - SUBJECT ADDED ENTRY--TOPICAL TERM | |
| Topical term or geographic name as entry element | Nursing. |
| 9 (RLIN) | 8263 |
| 650 #0 - SUBJECT ADDED ENTRY--TOPICAL TERM | |
| Topical term or geographic name as entry element | Nursing |
| General subdivision | Practice |
| Geographic subdivision | United States. |
| 9 (RLIN) | 8264 |
| 700 1# - ADDED ENTRY--PERSONAL NAME | |
| Personal name | Thobaben, Marshelle |
| 9 (RLIN) | 2156 |
| 700 1# - ADDED ENTRY--PERSONAL NAME | |
| Personal name | Hogan, Mary Ann, |
| Titles and other words associated with a name | MSN. |
| 9 (RLIN) | 8265 |
| 700 1# - ADDED ENTRY--PERSONAL NAME | |
| Personal name | Harkreader, Helen |
| Titles and other words associated with a name | MSN. |
| 9 (RLIN) | 2155 |
| 942 ## - ADDED ENTRY ELEMENTS (KOHA) | |
| Source of classification or shelving scheme | Dewey Decimal Classification |
| Item type | Book - Borrowing |
| Withdrawn status | Item status | Source of classification or shelving scheme | Damaged status | Not for loan | Vendor | Home library | Current library | Shelving location | Date acquired | Cost, normal purchase price | Serial Enumeration / chronology | Total Checkouts | Total Renewals | Full call number | Barcode | Date last seen | Date last borrowed | Koha item type | Source of acquisition |
|---|---|---|---|---|---|---|---|---|---|---|---|---|---|---|---|---|---|---|---|
| Dewey Decimal Classification | Osiris | Central Library | Central Library | First floor | 17/02/2009 | 647.00 | 9130 | 18 | 98 | 610.73068 HAR | 000014818 | 15/07/2025 | 03/04/2014 | Book - Borrowing | |||||
| Dewey Decimal Classification | Osiris | Central Library | Central Library | First floor | 04/03/2009 | 9130 | 2 | 610.73068 HAR | 000014266 | 24/08/2022 | 15/10/2009 | CD | DVD - With book | |||||||
| Dewey Decimal Classification | Central Library | Central Library | First floor | 29/07/2009 | 6 | 610.73068 HAR | 000017743 | 24/08/2022 | 06/03/2012 | CD | DVD - With book |